书目信息 |
| 题名: |
AP化学过关必练1000题
|
|
| 作者: | 李玉技 主编 | |
| 分册: | ||
| 出版信息: | 北京 中国石化出版社 2014 |
|
| 页数: | 234页 | |
| 开本: | 26cm | |
| 丛书名: | ||
| 单 册: | ||
| 中图分类: | G634.83 , O6-44 | |
| 科图分类: | ||
| 主题词: | 中学化学课--升学参考资料--高中--美国 , 化学 | |
| 电子资源: | ||
| ISBN: | 978-7-5114-2959-9 | |
| 000 | 00960nam0 2200253 450 | |
| 001 | 924 | |
| 005 | 20161114090914.17 | |
| 010 | @a978-7-5114-2959-9@dCNY40.00 | |
| 100 | @a20141226d2014 em y0chiy50 ea | |
| 101 | 0 | @aeng@achi |
| 102 | @aCN@b110000 | |
| 105 | @aa zq 000yy | |
| 200 | 1 | @aAP化学过关必练1000题@9AP hua xue guo guan bi lian 1000 ti@d1000 practices for AP chemistry@zeng@f李玉技主编 |
| 210 | @a北京@c中国石化出版社@d2014 | |
| 215 | @a234页@c图@d26cm | |
| 330 | @a本书依据AP化学考试大纲对各知识点学习比重的要求来进行题目编写,主要分为七大部分:原子理论、化学键、核化学、物质的状态、化学反应、有机化学、化学实验,每道练习题目都配有答案和讲解。 | |
| 510 | 1 | @a1000 practices for AP chemistry@zeng |
| 606 | 0 | @a中学化学课@j升学参考资料@x高中@y美国 |
| 606 | 0 | @a化学 |
| 690 | @aG634.83@v5 | |
| 690 | @aO6-44@v4 | |
| 701 | 0 | @a李玉技@9li yu ji@4主编 |
| 801 | 0 | @aCN@b大连网信软件有限公司图书馆·11@c20161114 |
| 905 | @aZUCC@dG634.83@e1203 | |
| AP化学过关必练1000题=1000 practices for AP chemistry/李玉技主编.-北京:中国石化出版社,2014 |
| 234页:图;26cm |
| ISBN 978-7-5114-2959-9:CNY40.00 |
| 本书依据AP化学考试大纲对各知识点学习比重的要求来进行题目编写,主要分为七大部分:原子理论、化学键、核化学、物质的状态、化学反应、有机化学、化学实验,每道练习题目都配有答案和讲解。 |
| ● |
| 相关链接 |
|
|
|
|
正题名:AP化学过关必练1000题
索取号:G634.83/1203
 
预约/预借
| 序号 | 登录号 | 条形码 | 馆藏地/架位号 | 状态 | 备注 |
| 1 | 907857 | 209078576 | 第一样本阅览室/ [索取号:G634.83/1203] | 在馆 | |
| 2 | 907858 | 209078585 | 第四借阅区/ [索取号:G634.83/1203] | 在馆 | |
| 3 | 907859 | 209078594 | 第四借阅区/ [索取号:G634.83/1203] | 在馆 | |
| 4 | 907860 | 209078601 | 第四借阅区/ [索取号:G634.83/1203] | 在馆 | |
| 5 | 907861 | 209078610 | 第四借阅区/ [索取号:G634.83/1203] | 在馆 |